Invenciones argentinas : guía de cosas que nunca existieron /
Imaginemos un altillo donde están configuradas todas las cosas que no tuvieron a la realidad como destino. Objetos creados por científicos, escritores o políticos, que nunca fueron construidos. Utopías, pesadillas de ciencia ficción. A lo largo de los tiempos, Argentina fue el escenario de muchas in...
Guardado en:
| Autor Principal: | |
|---|---|
| Otros Autores: | |
| Formato: | Libro |
| Idioma: | Undetermined |
| Publicado: |
Buenos Aires :
Colihue,
2013.
|
| Edición: | 1a ed. |
| Series: | Obsesiones
|
| Materias: | |
| Etiquetas: |
Agregar Etiqueta
Sin Etiquetas, Sea el primero en etiquetar este registro!
|
| LEADER | 01358nam a22002175a 4500 | ||
|---|---|---|---|
| 001 | CEM.cems020890 | ||
| 008 | 240311s2013####ag############000#0#und#d | ||
| 005 | 20240311155327.0 | ||
| 245 | 1 | 0 | |a Invenciones argentinas : |b guía de cosas que nunca existieron / |c Pablo de Santis ; ilustrado por Augusto Costanzo. |
| 250 | |a 1a ed. | ||
| 260 | |a Buenos Aires : |b Colihue, |c 2013. | ||
| 300 | |a 88 p. | ||
| 490 | 1 | |a Obsesiones | |
| 500 | |a Edición especial para el Ministerio de Educación de la Nación. | ||
| 520 | |a Imaginemos un altillo donde están configuradas todas las cosas que no tuvieron a la realidad como destino. Objetos creados por científicos, escritores o políticos, que nunca fueron construidos. Utopías, pesadillas de ciencia ficción. A lo largo de los tiempos, Argentina fue el escenario de muchas invenciones de las que no quedan más que palabras. Un punto (el Aleph) que resume el Universo, una capital llamada Viedma o Argirópolis, bombas atómicas, máquinas para hacer llover, túneles, museos y ciudades imposibles pueblan el altillo de la imaginación argentina. Hay otro país, pero está en este. | ||
| 020 | |a 9789876849807 | ||
| 100 | 1 | |a de Santis, Pablo. | |
| 700 | 1 | |a Costanzo, Augusto; il. | |
| 653 | |a Literatura argentina | ||
| 653 | |a Literatura infantil | ||
| 859 | |a CEMS |b BIB. CEMS - Inicial y Primaria |h A863.4 |i D451-5 |k IP |p 3934 |t Ej.1 | ||
